| 000 | 00536nam a22001577a 4500 | ||
|---|---|---|---|
| 082 | _aT-129 | ||
| 100 |
_aZahir Shah, Major _948524 |
||
| 245 |
_aEvaluation of successful and failed sections of National Highways (N-5) from Peshawar to Kamra with emphasis on geotechnical aspects _cZahir Shah, Major |
||
| 260 |
_aRisalpur _bMCE _c2002 |
||
| 300 | _a102 P, : | ||
| 526 |
_a0 _b0 _c0 _dT_129 |
||
| 650 | _aMaster of Science in Civil Engineering | ||
| 650 |
_aThesis _934811 |
||
| 700 |
_aCol Syed Muhammad Jamil _948525 |
||
| 942 |
_2ddc _cBK |
||
| 999 |
_c551438 _d551438 |
||